[Event "FIDE World Blitz-ch Women 2018"]
[Site "St. Petersburg"]
[Date "2018.12.30"]
[Round "16.18"]
[White "Mamedjarova, Turkan"]
[Black "Zhao, Xue"]
[Result "1/2-1/2"]
[WhiteElo "2295"]
[BlackElo "2485"]
[Annotator "ChessBase"]
[PlyCount "206"]
[EventDate "2018.12.19"]
[EventType "swiss"]
[EventCountry "RUS"]
[SourceTitle "playchess.com"]
[Source "ChessBase"]
[SourceQuality "1"]

1. d4 Nf6 2. Nf3 e6 3. c4 b6 4. Nc3 Bb7 5. Qc2 Bb4 6. e3 O-O 7. Bd3 c5 8. a3 Bxc3+ 9. bxc3 d6 10. e4 h6 11. O-O Nc6 12. h3 e5 13. d5 Na5 14. Nh2 Nh5 15. Qe2 Nf4 16. Bxf4 exf4 17. e5 dxe5 18. Qe4 g6 19. Qxe5 Qg5 20. Qxg5 hxg5 21. Nf3 Ba6 22. Nxg5 Bxc4 23. Bxc4 Nxc4 24. Rfe1 Rfe8 25. a4 Kg7 26. h4 Rad8 27. Rxe8 Rxe8 28. Nh3 f3 29. gxf3 Rd8 30. Nf4 Kf6 31. Kg2 Rh8 32. Kg3 Nd6 33. Ng2 Nf5+ 34. Kg4 Rd8 35. c4 Nd6 36. Ne3 Nb7 37. f4 Na5 38. Kf3 Nb3 39. Re1 Rh8 40. Ng4+ Kg7 41. d6 Rd8 42. Re7 Rxd6 43. Ne5 Rf6 44. Rxa7 Nd4+ 45. Ke4 Nf5 46. Nf3 Nd6+ 47. Kd5 Nf5 48. Ne5 Rd6+ 49. Ke4 Rd4+ 50. Kf3 Nd6 51. a5 bxa5 52. Rxa5 Nxc4 53. Rxc5 Nxe5+ 54. Rxe5 Rd3+ 55. Kg4 Kh6 56. f3 Rd1 57. f5 Rg1+ 58. Kf4 Kg7 59. fxg6 fxg6 60. Rg5 Rh1 61. Rg4 Kf6 62. Kg3 Rg1+ 63. Kf2 Ra1 64. Rb4 Ra2+ 65. Kg3 Ra1 66. Kf4 Kg7 67. Rb7+ Kh6 68. Rb6 Rh1 69. Kg3 Rg1+ 70. Kh2 Rc1 71. Kg2 Rc4 72. Kg3 Ra4 73. f4 Kg7 74. Kg4 Ra5 75. Re6 Ra1 76. Rb6 Rg1+ 77. Kf3 Kh6 78. Rb8 Rf1+ 79. Kg3 Rg1+ 80. Kh3 Rh1+ 81. Kg3 Rg1+ 82. Kf3 Ra1 83. Rb6 Kh5 84. Rb8 Ra3+ 85. Ke4 Kxh4 86. Rg8 Kh5 87. Rb8 Kg4 88. Rf8 Ra4+ 89. Ke3 Ra6 90. Ke4 Re6+ 91. Kd4 Re7 92. Rf6 Kh5 93. Kd5 Re8 94. Re6 Ra8 95. Ke4 Ra4+ 96. Kf3 Ra3+ 97. Re3 Ra4 98. Re1 Kh6 99. Rh1+ Kg7 100. Kg4 Kf6 101. Rb1 Ra2 102. Rb6+ Kg7 103. f5 gxf5+ 1/2-1/2

[Event "FIDE World Blitz-ch Women 2018"]
[Site "St. Petersburg"]
[Date "2018.12.30"]
[Round "16.19"]
[White "Batsiashvili, Nino"]
[Black "Buksa, Nataliya"]
[Result "1-0"]
[WhiteElo "2459"]
[BlackElo "2410"]
[Annotator "TA"]
[PlyCount "122"]
[EventDate "2018.12.19"]
[EventType "swiss"]
[EventCountry "RUS"]
[SourceTitle "playchess.com"]
[Source "ChessBase"]
[SourceQuality "1"]

1. d4 d5 2. Bf4 Nf6 3. e3 c5 4. Nf3 Nc6 5. Nbd2 g6 6. Bb5 Qb6 7. c4 Bd7 8. Bxc6 Bxc6 9. O-O Bg7 10. dxc5 Qxc5 11. Rc1 Qb6 12. Ne5 O-O 13. Nxc6 bxc6 14. Nb3 a5 15. c5 Qb7 16. Be5 Nd7 17. Bxg7 Kxg7 18. Qd2 e5 19. f4 f6 20. Nxa5 Qb5 21. b4 exf4 22. exf4 Rae8 23. a3 Re4 24. Nb3 Qa4 25. Nd4 Rfe8 26. Rc3 f5 27. h3 Nf6 28. Nf3 Re2 29. Qd4 R8e4 30. Qd3 R4e3 31. Qxe3 Rxe3 32. Rxe3 Ne4 33. Nd4 Kf6 34. Rfe1 h5 35. h4 Ke7 36. Kh2 Kd8 37. Nf3 Qc2 38. Ne5 Qf2 39. Nxg6 Ke8 40. Kh3 Kf7 41. R3e2 Qd4 42. Ne5+ Kf6 43. Rf1 Nd2 44. Ref2 Nxf1 45. Rxf1 Qe3+ 46. Rf3 Qe1 47. Nxc6 Qe4 48. Ne5 d4 49. c6 Qc2 50. b5 Qc5 51. a4 Qb6 52. Rd3 Ke6 53. Nf3 Qa5 54. Rxd4 Qc3 55. Rd7 Qb4 56. Nd4+ Kf6 57. c7 Qc3+ 58. Nf3 Qc4 59. b6 Ke6 60. Rd4 Qc1 61. a5 Qh1+ 1-0

[Event "FIDE World Blitz-ch Women 2018"]
[Site "St. Petersburg"]
[Date "2018.12.30"]
[Round "16.20"]
[White "Tokhirjonova, Gulrukhbegim"]
[Black "Ambartsumova, Karina"]
[Result "0-1"]
[WhiteElo "2444"]
[BlackElo "2383"]
[Annotator "NA"]
[PlyCount "129"]
[EventDate "2018.12.19"]
[EventType "swiss"]
[EventCountry "RUS"]
[SourceTitle "playchess.com"]
[Source "ChessBase"]
[SourceQuality "1"]

1. e4 c5 2. Nf3 Nc6 3. Bb5 e6 4. O-O Nge7 5. Re1 a6 6. Bf1 b5 7. c3 d5 8. exd5 Nxd5 9. d4 Be7 10. a4 b4 11. c4 Nf6 12. Be3 cxd4 13. Nxd4 Bb7 14. a5 O-O 15. Nxc6 Bxc6 16. Bb6 Qc8 17. Nd2 Qb7 18. Nb3 Nd7 19. Bd4 Bf6 20. Qg4 e5 21. Be3 Rad8 22. h4 Rfe8 23. h5 e4 24. h6 Ne5 25. Qg3 g6 26. Nc5 Qc8 27. Rad1 Ng4 28. Bc1 Be5 29. Qh4 Rxd1 30. Rxd1 Qf5 31. Be2 Bh2+ 32. Kf1 Qxc5 33. Qxg4 Be5 34. Bf4 Qxa5 35. Qg5 f6 36. Qg3 Bxf4 37. Qxf4 Qe5 38. Qd2 a5 39. b3 e3 40. fxe3 Qxe3 41. Qxe3 Rxe3 42. Rd3 Rxd3 43. Bxd3 Kf7 44. g3 f5 45. Kf2 Kf6 46. Ke3 Ke5 47. g4 f4+ 48. Kf2 Be4 49. Be2 g5 50. c5 Kd5 51. Bc4+ Kxc5 52. Bf7 Kd4 53. Ke2 Kc3 54. Be6 Kd4 55. Bd7 Bd5 56. Bf5 Bg8 57. Kd2 f3 58. Bb1 Ke5 59. Ke3 Bxb3 60. Bxh7 Kf6 61. Bd3 Bd5 62. Kd4 Bb7 63. Kc5 f2 64. Bf1 b3 65. Kd4 0-1

[Event "FIDE World Blitz-ch Women 2018"]
[Site "St. Petersburg"]
[Date "2018.12.30"]
[Round "16.21"]
[White "Abdumalik, Zhansaya"]
[Black "Assaubayeva, Bibisara"]
[Result "1/2-1/2"]
[WhiteElo "2470"]
[BlackElo "2372"]
[Annotator "ChessBase"]
[PlyCount "107"]
[EventDate "2018.12.19"]
[EventType "swiss"]
[EventCountry "RUS"]
[SourceTitle "playchess.com"]
[Source "ChessBase"]
[SourceQuality "1"]

1. e4 e5 2. Nf3 Nc6 3. Bb5 a6 4. Ba4 Nf6 5. O-O b5 6. Bb3 Bb7 7. d3 Be7 8. c3 O-O 9. Re1 d6 10. Nbd2 Na5 11. Bc2 c5 12. Nf1 Nc6 13. Ng3 Re8 14. a4 Bf8 15. h3 h6 16. Nf5 d5 17. Qe2 c4 18. dxc4 bxc4 19. exd5 Qxd5 20. Ne3 Qd7 21. Nxc4 Qc7 22. Be3 Nd5 23. Nfd2 a5 24. Qd3 Nf6 25. Bb6 Qc8 26. Nd6 Bxd6 27. Qxd6 Re6 28. Qd3 Ne7 29. Be3 Qc6 30. f3 Rd6 31. Qb5 Qc7 32. Ne4 Nxe4 33. Bxe4 Bxe4 34. fxe4 Rb8 35. Qe2 Qb7 36. Bc5 Re6 37. b4 Ng6 38. g3 Rc8 39. Kh2 Rec6 40. Red1 Nf8 41. Qb5 Qc7 42. Rd5 Ne6 43. Rad1 Nxc5 44. bxc5 Rxc5 45. Rxc5 Qxc5 46. Rd8+ Kh7 47. Rxc8 Qxc8 48. Qxe5 Qc4 49. h4 Qxa4 50. h5 Qa2+ 51. Kg1 a4 52. Qf5+ Kg8 53. Qc8+ Kh7 54. Qf5+ 1/2-1/2

[Event "FIDE World Blitz-ch Women 2018"]
[Site "St. Petersburg"]
[Date "2018.12.30"]
[Round "16.22"]
[White "Maltsevskaya, Aleksandra"]
[Black "Muzychuk, Mariya"]
[Result "0-1"]
[WhiteElo "2243"]
[BlackElo "2540"]
[Annotator "ChessBase"]
[PlyCount "82"]
[EventDate "2018.12.19"]
[EventType "swiss"]
[EventCountry "RUS"]
[SourceTitle "playchess.com"]
[Source "ChessBase"]
[SourceQuality "1"]

1. e4 c5 2. Nf3 e6 3. g3 Nc6 4. Bg2 Nf6 5. Nc3 d6 6. O-O Be7 7. d4 cxd4 8. Nxd4 O-O 9. Nxc6 bxc6 10. e5 dxe5 11. Bxc6 Rb8 12. Bg2 Ba6 13. Re1 Qc7 14. Qf3 Rfd8 15. h3 Bb7 16. Qe2 Bxg2 17. Kxg2 Qc6+ 18. Qf3 e4 19. Nxe4 Qxc2 20. Bg5 Nxe4 21. Bxe7 Nd2 22. Qg4 Qc6+ 23. f3 Nxf3 24. Re4 Rd2+ 25. Kxf3 f5 26. Qf4 Qxe4+ 27. Qxe4 fxe4+ 28. Kxe4 Rbxb2 29. a4 Ra2 30. Rf1 Rf2 31. Rb1 Rxa4+ 32. Ke5 Re2+ 33. Kd6 Rd4+ 34. Kc5 Rd3 35. Rf1 h6 36. g4 Rc2+ 37. Kb4 Rd7 38. Rf8+ Kh7 39. Re8 Rb7+ 40. Ka3 Rc6 41. Bb4 Ra6+ 0-1

[Event "FIDE World Blitz-ch Women 2018"]
[Site "St. Petersburg"]
[Date "2018.12.30"]
[Round "16.23"]
[White "Guichard, Pauline"]
[Black "Lysenko, Margarita"]
[Result "1/2-1/2"]
[WhiteElo "2378"]
[BlackElo "2190"]
[Annotator "NA"]
[PlyCount "141"]
[EventDate "2018.12.19"]
[EventType "swiss"]
[EventCountry "RUS"]
[SourceTitle "playchess.com"]
[Source "ChessBase"]
[SourceQuality "1"]

1. d4 Nf6 2. Nf3 g6 3. Bg5 Bg7 4. Nbd2 d5 5. e3 O-O 6. Be2 b6 7. O-O Bb7 8. h3 Nbd7 9. a4 a5 10. c3 Re8 11. b4 Qc8 12. Qb3 c5 13. bxc5 bxc5 14. Rab1 Ba6 15. Bxa6 Rxa6 16. Qb7 Nf8 17. Rb5 Ne6 18. Bxf6 Bxf6 19. Qxd5 Nc7 20. Qxc5 Nxb5 21. axb5 Ra8 22. Qxc8 Rexc8 23. c4 a4 24. b6 Rcb8 25. c5 a3 26. Ra1 Ra4 27. Ne1 e5 28. d5 e4 29. Ra2 Bc3 30. d6 Bb4 31. Nb3 Rd8 32. Nc2 Bxc5 33. Nxc5 Rc4 34. Nb3 Rxd6 35. Ncd4 Rxb6 36. Rxa3 Rf6 37. Ra2 Rc8 38. Kh2 Kg7 39. h4 h5 40. Kg3 Rc4 41. Nd2 Rc1 42. Nxe4 Rb6 43. Nf3 Rh1 44. Ra7 Rhb1 45. Nc5 Rc6 46. Ne4 Rcb6 47. Nfg5 Rb7 48. Ra8 Rb8 49. Ra4 R8b4 50. Ra5 Rb5 51. Rxb5 Rxb5 52. f4 Rb3 53. Kf3 f5 54. Nd6 Rb1 55. Nc4 Rf1+ 56. Kg3 Rc1 57. Ne5 Re1 58. Kf2 Ra1 59. Ne6+ Kf6 60. Nf8 Ra2+ 61. Kf3 Ra1 62. Nfxg6 Rf1+ 63. Ke2 Rh1 64. g3 Rh2+ 65. Kf3 Ra2 66. Nf8 Rb2 67. Nfd7+ Ke6 68. Nc5+ Kd5 69. Ncd3 Rh2 70. Nf2 Rh1 71. e4+ 1/2-1/2

[Event "FIDE World Blitz-ch Women 2018"]
[Site "St. Petersburg"]
[Date "2018.12.30"]
[Round "16.24"]
[White "Mkrtchian, Lilit"]
[Black "Protopopova, Anastasiya"]
[Result "1/2-1/2"]
[WhiteElo "2392"]
[BlackElo "2304"]
[Annotator "NA"]
[PlyCount "156"]
[EventDate "2018.12.19"]
[EventType "swiss"]
[EventCountry "RUS"]
[SourceTitle "playchess.com"]
[Source "ChessBase"]
[SourceQuality "1"]

1. c4 e5 2. Nc3 Nf6 3. Nf3 Nc6 4. g3 Bc5 5. Nxe5 Nxe5 6. d4 Bb4 7. dxe5 Ne4 8. Qd4 Nxc3 9. bxc3 Ba5 10. Ba3 d6 11. exd6 cxd6 12. Bg2 O-O 13. O-O Re8 14. e3 Be6 15. Bxd6 Bxc3 16. Qxc3 Qxd6 17. Bxb7 Rab8 18. c5 Qc7 19. Bg2 Rb5 20. c6 Reb8 21. Rad1 Rb2 22. a4 R2b3 23. Qc5 R3b4 24. Qd6 Qxd6 25. Rxd6 Rc8 26. c7 g6 27. Rd8+ Kg7 28. Rxc8 Bxc8 29. Rc1 Rxa4 30. h3 Rb4 31. Bc6 a5 32. Ra1 Rc4 33. Bd5 Rxc7 34. Rxa5 Rc1+ 35. Kg2 Rc7 36. g4 Bd7 37. Kg3 Kf6 38. Ra6+ Kg7 39. h4 h6 40. e4 Bb5 41. Rb6 Bd3 42. Kf4 Re7 43. Ke3 Bc2 44. f4 Bd1 45. g5 h5 46. Kd4 Bg4 47. Rd6 Ra7 48. Bc4 Re7 49. f5 gxf5 50. exf5 Bxf5 51. Rf6 Bg6 52. Rf4 Rd7+ 53. Ke3 Rd1 54. Be2 Rh1 55. Kf2 Rh2+ 56. Ke3 Rh3+ 57. Kf2 Ra3 58. Bf3 Ra2+ 59. Kg3 Ra3 60. Kf2 Rb3 61. Kg3 Rc3 62. Kf2 Kf8 63. Kg3 Ke7 64. Kf2 Ke6 65. Kg3 Ke5 66. Ra4 Ke6 67. Ra6+ Ke7 68. Ra7+ Kf8 69. Ra6 Be4 70. Rf6 Kg7 71. Rf4 Bg6 72. Rf6 Rb3 73. Kf2 Rb4 74. Kg3 Ra4 75. Be2 Rd4 76. Bf3 Rb4 77. Rd6 Ra4 78. Rb6 Rc4 1/2-1/2

[Event "FIDE World Blitz-ch Women 2018"]
[Site "St. Petersburg"]
[Date "2018.12.30"]
[Round "16.25"]
[White "Guseva, Marina"]
[Black "Vo, Thi Kim Phung"]
[Result "1-0"]
[WhiteElo "2408"]
[BlackElo "2352"]
[Annotator "NA"]
[PlyCount "133"]
[EventDate "2018.12.19"]
[EventType "swiss"]
[EventCountry "RUS"]
[SourceTitle "playchess.com"]
[Source "ChessBase"]
[SourceQuality "1"]

1. d4 Nf6 2. c4 e6 3. Nc3 d5 4. cxd5 exd5 5. Bg5 c6 6. e3 Be6 7. Bd3 Bd6 8. Nf3 Nbd7 9. O-O h6 10. Bh4 O-O 11. Bg3 Qb8 12. b4 Bxg3 13. hxg3 b5 14. a4 a6 15. a5 Qd6 16. Rb1 Bg4 17. Qd2 Rfe8 18. Ne2 Ne4 19. Qc2 Rac8 20. Nd2 Nxd2 21. Qxd2 Nf6 22. Nc1 Ne4 23. Bxe4 dxe4 24. Nb3 Be6 25. Nc5 Bc4 26. Rfe1 Ra8 27. Rbc1 Bd5 28. Qe2 Qg6 29. Kh2 Re7 30. Rf1 f5 31. f4 Qf7 32. Rh1 Qg6 33. Qf2 Qf7 34. g4 fxg4 35. Qh4 h5 36. Kg3 g6 37. Qg5 Qg7 38. f5 gxf5 39. Rxh5 Bc4 40. Qxg7+ Rxg7 41. Rch1 Kf7 42. Rxf5+ Ke7 43. Re5+ Kd6 44. Rh6+ Kc7 45. Rxe4 Rf8 46. Rxg4 Re7 47. e4 Rf1 48. Rgg6 Ref7 49. Rxc6+ Kd8 50. Rh8+ Ke7 51. Rc7+ Kd6 52. Rxf7 Rxf7 53. Rh6+ Ke7 54. Rxa6 Rg7+ 55. Kf2 Rf7+ 56. Ke3 Rf1 57. d5 Re1+ 58. Kd4 Rd1+ 59. Ke5 Bf1 60. Ra7+ Ke8 61. Ke6 Kf8 62. Rf7+ Ke8 63. Rxf1 Rxf1 64. a6 Ra1 65. d6 Ra2 66. d7+ Kd8 67. Nb7+ 1-0

[Event "FIDE World Blitz-ch Women 2018"]
[Site "St. Petersburg"]
[Date "2018.12.30"]
[Round "16.26"]
[White "Tsatsalashvili, Keti"]
[Black "Mirzoeva, Elmira"]
[Result "1-0"]
[WhiteElo "2303"]
[BlackElo "2281"]
[Annotator "NA"]
[PlyCount "67"]
[EventDate "2018.12.19"]
[EventType "swiss"]
[EventCountry "RUS"]
[SourceTitle "playchess.com"]
[Source "ChessBase"]
[SourceQuality "1"]

1. Nf3 d6 2. d4 g6 3. g3 Bg7 4. Bg2 Nd7 5. O-O e5 6. e4 Ne7 7. c3 O-O 8. Be3 b6 9. d5 h6 10. Qc1 Kh7 11. Ne1 f5 12. f3 g5 13. exf5 Nxf5 14. Nc2 Nf6 15. c4 Ba6 16. b3 e4 17. fxe4 Ng4 18. exf5 Bxa1 19. Nxa1 b5 20. Bd4 Qe7 21. h3 Ne5 22. cxb5 Bxb5 23. Nc3 Bxf1 24. Qxf1 g4 25. h4 Qf6 26. Nc2 Rae8 27. Be4 Kh8 28. Kh1 Re7 29. Qf4 Ref7 30. Ne3 Kh7 31. Nxg4 Qd8 32. f6+ Ng6 33. h5 Kg8 34. hxg6 1-0

[Event "FIDE World Blitz-ch Women 2018"]
[Site "St. Petersburg"]
[Date "2018.12.30"]
[Round "16.27"]
[White "Chernyak, Viktoria"]
[Black "Bivol, Alina"]
[Result "1-0"]
[WhiteElo "2186"]
[BlackElo "2393"]
[Annotator "NA"]
[PlyCount "165"]
[EventDate "2018.12.19"]
[EventType "swiss"]
[EventCountry "RUS"]
[SourceTitle "playchess.com"]
[Source "ChessBase"]
[SourceQuality "1"]

1. c4 Nf6 2. Nf3 g6 3. g3 Bg7 4. Bg2 O-O 5. O-O d6 6. Nc3 Nc6 7. d4 Rb8 8. Rb1 a6 9. a4 Bf5 10. Ra1 Nb4 11. Bf4 a5 12. Nh4 Bd7 13. e4 Nh5 14. Be3 e5 15. dxe5 Bxe5 16. Qd2 Bg7 17. c5 Bc6 18. cxd6 Qxd6 19. Qxd6 cxd6 20. Bb6 Ra8 21. Rfd1 Bf6 22. Nf3 Be7 23. Bc7 Nf6 24. Ne1 Ne8 25. Bb6 Ra6 26. Be3 Nf6 27. Rac1 Re8 28. Bg5 Kg7 29. Bf4 Rd8 30. Nd3 h6 31. h4 Ne8 32. Ne1 g5 33. hxg5 hxg5 34. Be3 Bf6 35. Bd4 Bxd4 36. Rxd4 Nc7 37. Rcd1 Be8 38. b3 Ne6 39. R4d2 Rc6 40. Nb5 Rc5 41. Nxd6 Rb8 42. Nxe8+ Rxe8 43. Rd7 b6 44. Nd3 Nxd3 45. R7xd3 Rc2 46. Rd6 Rb8 47. R1d2 Rc1+ 48. Rd1 Rc3 49. R1d3 Rc2 50. R6d5 Kg6 51. Bh3 Nc5 52. Bf5+ Kg7 53. Re3 Rc1+ 54. Kg2 Rb1 55. Bg4 Rxb3 56. Rxg5+ Kh6 57. Rh5+ Kg7 58. Re2 Nd3 59. Rd2 Nc5 60. Rg5+ Kf6 61. Rf5+ Ke7 62. Re5+ Kf8 63. Rd6 Rb4 64. Rh5 Ke7 65. Rdd5 Rxa4 66. Rde5+ Kd6 67. Rd5+ Kc7 68. Rh7 Rf8 69. Rf5 Rxe4 70. Rhxf7+ Rxf7 71. Rxf7+ Kb8 72. Rf8+ Ka7 73. Bf3 a4 74. Bxe4 Nxe4 75. Rf4 Nc5 76. Rc4 Ka6 77. g4 Kb5 78. Rc1 Kb4 79. g5 Ne6 80. g6 Kb3 81. Rb1+ Kc2 82. Rxb6 a3 83. Rxe6 1-0

[Event "FIDE World Blitz-ch Women 2018"]
[Site "St. Petersburg"]
[Date "2018.12.30"]
[Round "16.28"]
[White "Gvanceladze, Anna"]
[Black "Savina, Anastasia"]
[Result "1-0"]
[WhiteElo "2264"]
[BlackElo "2334"]
[Annotator "NA"]
[PlyCount "78"]
[EventDate "2018.12.19"]
[EventType "swiss"]
[EventCountry "RUS"]
[SourceTitle "playchess.com"]
[Source "ChessBase"]
[SourceQuality "1"]

1. e4 c5 2. Nf3 Nc6 3. Bb5 g6 4. O-O Bg7 5. c3 Nf6 6. Re1 O-O 7. h3 Qc7 8. d4 cxd4 9. cxd4 d5 10. e5 Ne4 11. Nc3 Nxc3 12. bxc3 Na5 13. Bd2 Bf5 14. Qe2 a6 15. Bd3 Bxd3 16. Qxd3 e6 17. h4 Nc4 18. h5 Rfc8 19. Rac1 Nxd2 20. Qxd2 Qe7 21. g3 Rc4 22. Kg2 Rac8 23. Rc2 b5 24. Rec1 Qf8 25. hxg6 fxg6 26. Ng5 Qf5 27. f4 Bh6 28. Rf1 b4 29. Rf3 Bxg5 30. fxg5 Qe4 31. Kf2 bxc3 32. Rfxc3 Rf8+ 33. Kg1 Rxd4 34. Qe2 Qf5 35. Rc7 Re4 36. Qf2 Qxf2+ 37. Rxf2 Re1+ 38. Kg2 Rxf2+ 39. Kxf2 Rxe5 1-0

[Event "FIDE World Blitz-ch Women 2018"]
[Site "St. Petersburg"]
[Date "2018.12.30"]
[Round "16.29"]
[White "Tsolakidou, Stavroula"]
[Black "Skripchenko, Almira"]
[Result "1/2-1/2"]
[WhiteElo "2387"]
[BlackElo "2408"]
[Annotator "NA"]
[PlyCount "117"]
[EventDate "2018.12.19"]
[EventType "swiss"]
[EventCountry "RUS"]
[SourceTitle "playchess.com"]
[Source "ChessBase"]
[SourceQuality "1"]

1. e4 d6 2. d4 Nf6 3. Nc3 e5 4. Nge2 Be7 5. g3 c6 6. a4 O-O 7. Bg2 a5 8. O-O Na6 9. h3 Nb4 10. b3 Re8 11. Bb2 Bf8 12. Qd2 exd4 13. Nxd4 d5 14. exd5 Nbxd5 15. Nxd5 Nxd5 16. Rad1 Nf6 17. Qg5 h6 18. Qf4 Nd5 19. Qf3 Qg5 20. Rfe1 Bd7 21. Bc1 Qg6 22. Bf1 Rxe1 23. Rxe1 Qf6 24. Qxf6 Nxf6 25. g4 Rd8 26. Nf3 Be6 27. Bb2 Nd5 28. Nd4 Bc8 29. Bc4 Nf4 30. Bf1 Bc5 31. Nf3 Bb4 32. Re4 Ne6 33. Bc4 Ng5 34. Nxg5 hxg5 35. Kg2 Kf8 36. Re3 Rd2 37. Rf3 f6 38. Bc1 Rxc2 39. Bxg5 Bd7 40. Bh4 b5 41. Bd3 Rc3 42. Be4 Rxf3 43. Kxf3 c5 44. axb5 Bxb5 45. Bd5 Ke7 46. Bg3 a4 47. bxa4 Bxa4 48. Bc4 Bc2 49. Ke2 Bc3 50. h4 Be4 51. g5 fxg5 52. hxg5 Bf5 53. Bf4 Bd4 54. Be3 Kd6 55. Bf4+ Be5 56. Be3 g6 57. Bd2 Bd4 58. Bf4+ Be5 59. Be3 1/2-1/2

[Event "FIDE World Blitz-ch Women 2018"]
[Site "St. Petersburg"]
[Date "2018.12.30"]
[Round "16.30"]
[White "Danielian, Elina"]
[Black "Gritsayeva, Oksana"]
[Result "1-0"]
[WhiteElo "2427"]
[BlackElo "2378"]
[Annotator "NA"]
[PlyCount "79"]
[EventDate "2018.12.19"]
[EventType "swiss"]
[EventCountry "RUS"]
[SourceTitle "playchess.com"]
[Source "ChessBase"]
[SourceQuality "1"]

1. d4 Nf6 2. Bg5 e6 3. Nd2 d5 4. e3 Be7 5. Bd3 O-O 6. Ngf3 b6 7. Ne5 h6 8. Bf4 Nfd7 9. c3 Nxe5 10. dxe5 Ba6 11. Bc2 Nd7 12. Nf3 f6 13. Nd4 Nc5 14. Qg4 f5 15. Qg6 Qe8 16. Qxe8 Rfxe8 17. b4 Ne4 18. Bxe4 dxe4 19. b5 Bc8 20. a4 a6 21. Kd2 Kf7 22. h4 Bc5 23. h5 Bd7 24. c4 Red8 25. Kc3 a5 26. Rad1 Rac8 27. f3 exf3 28. gxf3 Bb4+ 29. Kb3 Bc5 30. Rhg1 Be8 31. Kc3 Bb4+ 32. Kc2 Bc5 33. Rg6 Bxd4 34. exd4 Bd7 35. Rdg1 Rg8 36. Kc3 c6 37. Kd3 cxb5 38. axb5 Rc7 39. Bxh6 Be8 40. Rxg7+ 1-0

[Event "FIDE World Blitz-ch Women 2018"]
[Site "St. Petersburg"]
[Date "2018.12.30"]
[Round "16.31"]
[White "Tomilova, Elena"]
[Black "Zhukova, Natalia"]
[Result "1-0"]
[WhiteElo "2338"]
[BlackElo "2377"]
[Annotator "NA"]
[PlyCount "87"]
[EventDate "2018.12.19"]
[EventType "swiss"]
[EventCountry "RUS"]
[SourceTitle "playchess.com"]
[Source "ChessBase"]
[SourceQuality "1"]

1. d4 Nf6 2. Bg5 d5 3. e3 c5 4. c3 Qb6 5. Qb3 c4 6. Qxb6 axb6 7. Na3 Bd7 8. Bxf6 gxf6 9. e4 e6 10. Nc2 b5 11. exd5 exd5 12. a3 Nc6 13. Be2 Bf5 14. Kd2 Bh6+ 15. Kd1 Bxc2+ 16. Kxc2 b4 17. Bf3 b3+ 18. Kd1 O-O-O 19. Ne2 Kc7 20. Ng3 Ne7 21. Re1 Rhe8 22. Rxe7+ Rxe7 23. Nf5 Rde8 24. Nxe7 Rxe7 25. Bxd5 b5 26. a4 Kd6 27. Bf3 Ra7 28. a5 Kc7 29. a6 Kb6 30. Bb7 Bf4 31. g3 Bd6 32. Kd2 b4 33. cxb4 Bxb4+ 34. Ke3 c3 35. bxc3 Bxc3 36. Rb1 b2 37. Kd3 Ba5 38. Rxb2+ Kc7 39. Ke4 Kd6 40. Rb5 Bd8 41. Kf5 Be7 42. h4 h6 43. Rb6+ Kc7 44. Rxf6 1-0

[Event "FIDE World Blitz-ch Women 2018"]
[Site "St. Petersburg"]
[Date "2018.12.30"]
[Round "16.32"]
[White "Haussernot, Cecile"]
[Black "Voit, Daria"]
[Result "1-0"]
[WhiteElo "2196"]
[BlackElo "2358"]
[Annotator "NA"]
[PlyCount "143"]
[EventDate "2018.12.19"]
[EventType "swiss"]
[EventCountry "RUS"]
[SourceTitle "playchess.com"]
[Source "ChessBase"]
[SourceQuality "1"]

1. d4 Nf6 2. Nf3 e6 3. g3 b5 4. Bg2 Bb7 5. O-O d5 6. Bf4 Nbd7 7. c3 Be7 8. Ne5 O-O 9. Nd2 Nxe5 10. Bxe5 Nd7 11. Nf3 Nxe5 12. Nxe5 c5 13. Qd3 c4 14. Qc2 f6 15. Nf3 b4 16. Nd2 bxc3 17. bxc3 Qd7 18. Rab1 Bc6 19. e4 Rab8 20. Rfe1 Ba4 21. Qc1 Rfd8 22. Bh3 dxe4 23. Nxe4 f5 24. Nd2 Rbc8 25. Nf3 Qd6 26. Qe3 Bc2 27. Rb7 Be4 28. Rxa7 Ra8 29. Rxa8 Rxa8 30. Nd2 Bd5 31. Bg2 Rxa2 32. Bxd5 Qxd5 33. Nf3 Kf7 34. Ne5+ Kg8 35. Rb1 Bd6 36. Nd7 f4 37. gxf4 Qf5 38. Re1 Bxf4 39. Qxe6+ Qxe6 40. Rxe6 Rc2 41. Re4 Bd2 42. Re7 Bxc3 43. Ne5 g6 44. Nxc4 Bxd4 45. Re8+ Kf7 46. Nd6+ Kg7 47. Re7+ Kf6 48. Rxh7 Bxf2+ 49. Kf1 Bd4 50. Ne4+ Ke5 51. Ng3 Kf4 52. Ne2+ Ke4 53. Rh4+ Ke3 54. Nxd4 Rc1+ 55. Kg2 Rb1 56. Nf3 Rb2+ 57. Kg3 Rf2 58. Re4+ Kxe4 59. Kxf2 Kf4 60. Nh4 g5 61. Ng6+ Kf5 62. Ne7+ Kg4 63. Kg2 Kf4 64. Nd5+ Ke5 65. Ne3 Kf4 66. Kf2 Ke4 67. Ng2 Ke5 68. Kf3 Kf5 69. Ne3+ Ke5 70. Kg4 Kf6 71. Nd5+ Kg6 72. Nc3 1-0

[Event "FIDE World Blitz-ch Women 2018"]
[Site "St. Petersburg"]
[Date "2018.12.30"]
[Round "16.33"]
[White "Dordzhieva, Dinara"]
[Black "Bezgodova, Svetlana"]
[Result "1-0"]
[WhiteElo "2340"]
[BlackElo "2046"]
[Annotator "NA"]
[PlyCount "141"]
[EventDate "2018.12.19"]
[EventType "swiss"]
[EventCountry "RUS"]
[SourceTitle "playchess.com"]
[Source "ChessBase"]
[SourceQuality "1"]

1. Nf3 Nf6 2. c4 d6 3. g3 e5 4. Nc3 Nbd7 5. Bg2 c6 6. e4 Be7 7. d4 O-O 8. O-O Re8 9. h3 a6 10. Be3 b5 11. b3 b4 12. Na4 c5 13. dxe5 dxe5 14. Qc2 Bb7 15. Ne1 Qc7 16. f3 Nf8 17. Nd3 Ne6 18. Rad1 Nd7 19. f4 f6 20. Qe2 Bc6 21. Nab2 Bf8 22. Qg4 Nd4 23. f5 a5 24. Rf2 Nb6 25. Bxd4 cxd4 26. c5 Nd7 27. Rc1 Qa7 28. Rfc2 Rac8 29. Kh2 Qa6 30. Qd1 Nb8 31. Nc4 Qa8 32. Qe2 Qa7 33. Nd6 Bxd6 34. cxd6 Bd7 35. Nc5 Kh8 36. Nxd7 Qxd7 37. Rc7 Rxc7 38. dxc7 Nc6 39. Qb5 Qxc7 40. Qxc6 Qxc6 41. Rxc6 Rd8 42. Bf1 h6 43. Bd3 Ra8 44. Kg2 a4 45. Ra6 Rc8 46. Rxa4 Rc3 47. Bb5 Re3 48. Be8 Kg8 49. Ra8 Kf8 50. Bc6+ Ke7 51. Kf2 Rc3 52. Bb5 Rc2+ 53. Kf3 Rc3+ 54. Kf2 Kd6 55. Bc4 Rc2+ 56. Kf3 Rc3+ 57. Kg4 d3 58. Bxd3 Kc5 59. Bc4 Rc2 60. Rd8 Rxa2 61. Rd5+ Kc6 62. Rb5 Rg2 63. Rxb4 h5+ 64. Kh4 Rg1 65. Rb8 Kc5 66. Rd8 Kb4 67. Rd7 Re1 68. Bd5 Re3 69. Rxg7 Kc5 70. Rf7 Kd4 71. Rxf6 1-0

[Event "FIDE World Blitz-ch Women 2018"]
[Site "St. Petersburg"]
[Date "2018.12.30"]
[Round "16.34"]
[White "Murashova, Ekaterina"]
[Black "Semenova, Elena"]
[Result "0-1"]
[WhiteElo "2259"]
[BlackElo "2260"]
[Annotator "NA"]
[PlyCount "106"]
[EventDate "2018.12.19"]
[EventType "swiss"]
[EventCountry "RUS"]
[SourceTitle "playchess.com"]
[Source "ChessBase"]
[SourceQuality "1"]

1. e4 e5 2. Nf3 Nc6 3. Bc4 Nf6 4. d3 Bc5 5. c3 O-O 6. a4 a6 7. O-O d5 8. exd5 Nxd5 9. Nbd2 Nf6 10. Ne4 Be7 11. h3 Bf5 12. Qe2 h6 13. a5 Re8 14. b4 Qd7 15. Ng3 Be6 16. Bxe6 Qxe6 17. Re1 Nd5 18. Bd2 Rad8 19. Rad1 Bf6 20. Qe4 Nde7 21. Qc4 Qd5 22. Ne4 Qxc4 23. Nxf6+ gxf6 24. dxc4 Kg7 25. Bc1 Nf5 26. Nd2 Rd3 27. Ne4 Red8 28. Rxd3 Rxd3 29. Kf1 Rd8 30. Ke2 Nd6 31. Nxd6 Rxd6 32. Rd1 Rxd1 33. Kxd1 f5 34. f3 h5 35. Ke2 Kf6 36. Kd3 Ke6 37. Be3 Ne7 38. Bc5 Ng6 39. Be3 Nh4 40. Bg5 Nxg2 41. Ke2 f6 42. Bd2 e4 43. Kf2 Nh4 44. f4 Ng6 45. Be3 Nf8 46. Bd4 Nd7 47. Ke3 Nb8 48. b5 Nd7 49. bxa6 bxa6 50. Ba7 c5 51. Ke2 Kd6 52. Kf2 Kc7 53. Kg3 Kb7 0-1